| 000 | 01244nam a22002537a 4500 | ||
|---|---|---|---|
| 005 | 20170124103106.0 | ||
| 010 | _aA-957683 | ||
| 020 | _c100.00 | ||
| 035 | _aA-957683 | ||
| 037 | _bCen Lib/Ret | ||
| 040 |
_aDPL _bHN |
||
| 082 |
_a070.195 _bचड्डा |
||
| 100 |
_aचड्डा, सविता _978426 |
||
| 245 |
_aहिंदी पत्रकारिता दूरदर्शन और टेलीफिल्में / _cसविता चड्डा |
||
| 246 |
_aHindi patrkarita doordarshan aur telifilme / _bby Savita Chadda |
||
| 260 |
_a दिल्ली _bराजसूर्य प्रकाशन _c2000 |
||
| 270 |
_b दिल्ली _aडी-ब्लाक, 2/41-अ, गामडी एक्सटेंशन, भजपुरा _e110053 |
||
| 300 |
_a95पृ. _c19सेमी (सजिल्द) |
||
| 650 |
_aहिंदी-पत्रकारिता _91191 |
||
| 650 |
_aहिंदी-पत्रकारिता--दूरदर्शन और टेलीफिल्में _978427 |
||
| 650 |
_aHindi--journalism _943511 |
||
| 650 |
_aHindi--journalism -- television and telefilms _978428 |
||
| 942 |
_2ddc _cHN _h070.195 _mचड्डा |
||
| 999 |
_c118118 _d118118 |
||